| 000 | 00400nam a22001697a 4500 | ||
|---|---|---|---|
| 003 | SGT | ||
| 020 | _a9788182967437 | ||
| 082 |
_a612.015 _bM19G |
||
| 100 | _aGupta, S. K. | ||
| 245 | _aManual of Practical Biochemistry for BDS | ||
| 250 | _a3rd | ||
| 260 |
_aDelhi, India _bArya Publishing Co. _c2019 |
||
| 300 | _a150 | ||
| 650 | _aBiochemistry | ||
| 653 | _aBiochemistry | ||
| 942 |
_2ddc _cBK _090 |
||
| 999 |
_c22851 _d22851 |
||